[Event "92nd ch-Marshall CC"]
[Site "New York USA"]
[Date "2008.10.18"]
[Round "2"]
[White "Pressman,L"]
[Black "Sarkar,J"]
[Result "0-1"]
[WhiteElo "2055"]
[BlackElo "2451"]

1.e4 d5 2.exd5 Qxd5 3.Nc3 Qd6 4.d4 Nf6 5.Bc4 a6 6.Nf3 b5 7.Bb3 Bb7 8.O-O e6
9.Re1 Be7 10.Ng5 c5 11.Nxf7 Kxf7 12.Rxe6 Qxe6 13.Bxe6+ Kxe6 14.Qe2+ Kf7 15.dxc5 Re8
16.Bg5 Bxc5 17.Qd3 Be7 18.a4 Nbd7 19.axb5 axb5 20.Rd1 Nc5 21.Qf5 b4 22.Bxf6 Bxf6
23.Qxc5 bxc3 24.bxc3 Re7 25.h4 Rc8 26.Qh5+ Kg8 27.Qa5 Bxh4 28.Qa2+ Kf8 29.Qa5 Bf6
30.c4 Kf7 31.c5 Be5 32.Rd8 Rxd8 33.Qxd8 Bc7 34.Qd2 Bc6 35.f4 Re4 36.g3 h5
37.Qd1 g6 38.Qa1 Bd8 39.Qh8 Be7 40.Qh7+ Kf6 41.Kf1 Bxc5 42.f5 Kxf5 43.Qc7 Bb5+
44.Kg2 Be7 45.Kh3 Bc4 46.Kg2 Bf6 47.Qc5+ Kg4 48.Qc8+ Be6 49.Qa6 Bd5 50.Qc8+ Re6+
51.Kf2 Bd4+ 52.Kf1 Kxg3 53.Qb8+ Re5 54.Qb7 Bc4+  0-1

[Event "13th ECC w"]
[Site "Kallithea GRE"]
[Date "2008.10.19"]
[Round "3"]
[White "Makka,I"]
[Black "Klipper,R"]
[Result "1-0"]
[WhiteElo "2220"]
[BlackElo "2023"]

1.e4 d5 2.exd5 Qxd5 3.Nc3 Qd6 4.d4 Nf6 5.Nf3 c6 6.Ne5 Nbd7 7.Nc4 Qc7 8.Qf3 Nb6
9.Bf4 Qd7 10.O-O-O Qg4 11.Qxg4 Bxg4 12.f3 Bf5 13.Nxb6 axb6 14.d5 b5 15.dxc6 bxc6
16.Bxb5 Bd7 17.Bc4 e6 18.Rhe1 Bb4 19.Bd2 O-O 20.Ne4 Bxd2+ 21.Rxd2 Nxe4 22.Rxe4 Bc8
23.Red4 c5 24.Rd8 Bb7 25.Rxa8 Bxa8 26.Rd7 g5 27.Rc7 g4 28.Be2 gxf3 29.gxf3 c4
30.Rxc4 f5 31.a4 e5 32.b4 e4 33.Rc3 f4 34.fxe4 Bxe4 35.Bf3  1-0

[Event "IM"]
[Site "Petah Tiqwa ISR"]
[Date "2008.10.19"]
[Round "2"]
[White "Axelrod,A"]
[Black "Kudischewitsch,D"]
[Result "1/2-1/2"]
[WhiteElo "2283"]
[BlackElo "2343"]

1.e4 d5 2.exd5 Qxd5 3.Nc3 Qd6 4.d4 Nf6 5.Nf3 c6 6.Bd3 Bg4 7.Be3 Nbd7 8.h3 Bh5
9.Qe2 e6 10.O-O-O Be7 11.g4 Bg6 12.g5 Nd5 13.Bxg6 hxg6 14.Ne4 Qb4 15.Bd2 Qa4
16.Kb1 b5 17.Ne5 Nxe5 18.dxe5 Rd8 19.f3 c5 20.h4 c4  1/2-1/2

[Event "LiraH Autumn"]
[Site "Lichtenrade GER"]
[Date "2008.10.20"]
[Round "3"]
[White "Kropman,A"]
[Black "Pluemer,D"]
[Result "1/2-1/2"]
[WhiteElo "1960"]
[BlackElo "2185"]

1.e4 d5 2.exd5 Qxd5 3.Nc3 Qd8 4.d4 Nf6 5.Nf3 c6 6.Bc4 b5 7.Bb3 e6 8.Bg5 Be7
9.O-O Bb7 10.a4 b4  1/2-1/2

[Event "13th ECC w"]
[Site "Kallithea GRE"]
[Date "2008.10.21"]
[Round "5"]
[White "Makka,I"]
[Black "Vovinkina,N"]
[Result "0-1"]
[WhiteElo "2220"]
[BlackElo "2147"]

1.e4 d5 2.exd5 Qxd5 3.Nc3 Qd6 4.d4 Nf6 5.Nf3 a6 6.g3 b5 7.Bf4 Qb6 8.Bg2 Bb7
9.O-O e6 10.a4 Bd6 11.Bg5 Nbd7 12.Qe2 b4 13.a5 Qa7 14.Na4 O-O 15.h3 Rab8
16.Rfd1 Rfe8 17.c4 bxc3 18.bxc3 h6 19.Be3 Nd5 20.Bd2 e5 21.c4 exd4 22.Qd3 N5f6
23.Qxd4 Qa8 24.Qd3 Be4 25.Qe2 Ne5 26.Nxe5 Bxg2 27.Bc3 Bxh3 28.f3 Ng4 29.Qd2 Nxe5
30.Bxe5 Bxe5 31.Ra3 Rbd8 32.Rd3 Rxd3 33.Qxd3 Bxg3 34.Nc5 Qa7  0-1

[Event "13th ECC w"]
[Site "Kallithea GRE"]
[Date "2008.10.21"]
[Round "5"]
[White "Steil Antoni,F"]
[Black "Boric,E"]
[Result "0-1"]
[WhiteElo "2166"]
[BlackElo "2292"]

1.e4 d5 2.exd5 Qxd5 3.Nc3 Qd6 4.d4 Nf6 5.g3 Bg4 6.Nf3 Nc6 7.d5 O-O-O 8.h3 Bxf3
9.Qxf3 Nxd5 10.Bg2 Qe5+ 11.Kf1 Nd4 12.Qxf7 Nxc2 13.Bxd5 Nxa1 14.Qf3 c6 15.Bf4 Qf5
16.Bxc6 e5 17.Bxb7+ Kb8 18.Be4 Qf6 19.Ba8 Qa6+ 20.Kg2 exf4 21.Rxa1 fxg3 22.b4 gxf2
23.b5 Qb6 24.a4 Bc5 25.a5 Qg6+  0-1

[Event "24th ECC"]
[Site "Kallithea GRE"]
[Date "2008.10.21"]
[Round "5"]
[White "Ris,R"]
[Black "Hera,I"]
[Result "1/2-1/2"]
[WhiteElo "2417"]
[BlackElo "2530"]

1.e4 d5 2.exd5 Qxd5 3.Nc3 Qd6 4.d4 Nf6 5.Nf3 a6 6.g3 Bg4 7.Bg2 Nc6 8.Be3 O-O-O
9.h3 Bh5 10.Qe2 e6 11.O-O-O Be7 12.a3  1/2-1/2

[Event "TCh-CHN Torch Real Estate Cup"]
[Site "Jiangsu Wuxi CHN"]
[Date "2008.10.22"]
[Round "10"]
[White "Xu Yuhua"]
[Black "Ning Chunhong"]
[Result "1/2-1/2"]
[WhiteElo "2500"]
[BlackElo "2362"]

1.e4 d5 2.exd5 Qxd5 3.Nc3 Qd6 4.d4 Nf6 5.Nf3 c6 6.Ne5 Nbd7 7.Bf4 Nd5 8.Nxd5 Qxd5
9.Nf3 Nf6 10.Be2 Bf5 11.Be5 e6 12.O-O Be7 13.c4 Qd7 14.Qb3 O-O 15.Rad1 h6
16.h3 Rad8 17.Bf4 Qc8 18.Rfe1 Bd6 19.Ne5 c5 20.Bf3 cxd4 21.Rxd4 Bxe5 22.Bxe5 Rxd4
23.Bxd4 b6 24.Qc3 Kh7 25.Bxf6 gxf6 26.Qxf6 Qxc4 27.Bh5 Qf4 28.Bg4 Qg5 29.Bxf5+ exf5
30.Qe7 Kg7 31.Qxa7 Qd2 32.Re3 Qxb2 33.Rb3 Qe5 34.Qxb6 Qa1+ 35.Kh2 Qxa2 36.Rg3+ Kh7
37.Qf6 Rg8 38.Qxf5+ Rg6 39.Rf3 Kg7 40.Re3 Qb2 41.Qc5 Kh7 42.Qf5 Qf6 43.Re5 Qxf5
44.Rxf5 Kg7 45.g4 Ra6 46.Kg3 Kg6 47.f3 Rb6 48.Re5 Ra6 49.h4 Rb6 50.h5+ Kg7
51.Kf4 Kf6 52.Rf5+ Kg7 53.Ke4 Ra6 54.Rd5 Kf6 55.f4 Ra4+ 56.Rd4 Ra6 57.Rc4 Rb6
58.Kd5 Rb1 59.Rc6+ Kg7 60.Ke5 Rb5+ 61.Kd4 Rb1 62.Rc5 Rg1 63.g5 Rh1 64.gxh6+ Kxh6
65.Rf5 Rxh5 66.Rxf7 Ra5 67.Ke4 Kg6 68.Rd7 Kf6 69.Rd6+ Kf7 70.Kf3 Rb5 71.Kg4 Ra5
72.Rh6 Rc5 73.f5 Rc1 74.Kg5 Rg1+  1/2-1/2

[Event "Guernsey Open"]
[Site "Guernsey GCI"]
[Date "2008.10.23"]
[Round "5"]
[White "Dennis,N"]
[Black "Glover,J"]
[Result "1-0"]
[WhiteElo "1978"]
[BlackElo "1888"]

1.e4 d5 2.exd5 Qxd5 3.Nc3 Qd6 4.Nf3 Nf6 5.Be2 a6 6.a4 e6 7.b3 Be7 8.Ba3 Qd8
9.Bb2 O-O 10.O-O Nbd7 11.d3 Nb6 12.Nd2 c6 13.Bf3 Nbd5 14.Nce4 Nf4 15.Be5 Ng6
16.Bg3 e5 17.Qe2 Nxe4 18.dxe4 Be6 19.Rad1 Qc7 20.Nc4 f6 21.Bg4 Bxg4 22.Qxg4 Rad8
23.Ne3 Rxd1 24.Rxd1 Rd8 25.Rxd8+ Qxd8 26.h4 Kf7 27.h5 Nf8 28.Qf3 Kg8 29.Nf5 Qd7
30.Bh4 Bd8 31.h6 g5 32.Bg3 Ng6 33.b4 Kf8 34.Ng7 Be7 35.Kh2 g4 36.Qb3 Nf4
37.Bxf4 exf4 38.Ne6+ Ke8 39.Nxf4 Bf8 40.Qg8 Qf7 41.Qxg4 Bxh6 42.Qc8+ Ke7
43.Qxb7+ Kf8 44.Qxf7+ Kxf7 45.Kg3 Bf8 46.Nd3 Bd6+ 47.Kg4 Bc7 48.Kf5 a5 49.bxa5 Bxa5
50.f4 Bc3 51.Nc5 Bb4 52.Nb7 c5 53.a5  1-0

[Event "WYCC Boys U14"]
[Site "Vung Tau City VIE"]
[Date "2008.10.23"]
[Round "5"]
[White "Chan Yi Ren,D"]
[Black "Paltrinieri,N"]
[Result "1-0"]
[WhiteElo "2260"]
[BlackElo "1948"]

1.e4 d5 2.exd5 Qxd5 3.Nc3 Qd6 4.d4 Nf6 5.Bc4 Bg4 6.Nf3 e6 7.Be3 Nc6 8.h3 Bh5
9.Qe2 Be7 10.O-O-O O-O-O 11.a3 h6 12.g4 Bg6 13.Nb5 Qd7 14.Ne5 Nxe5 15.dxe5 Nd5
16.Nxa7+ Kb8 17.Nb5 Bg5 18.f4 Nxf4 19.Bxf4 Bxf4+ 20.Kb1 Qc6 21.Qf2 b6 22.Qxf4 Be4
23.Nd4 Rxd4 24.Rxd4 Bxh1 25.Qxf7 Qc5 26.Qxg7 Qxd4 27.Qxh8+ Kb7 28.Bxe6 Qd1+
29.Ka2 Bd5+ 30.Bxd5+ Qxd5+ 31.b3 Qe4 32.Kb1 Qd4 33.Qf6 Qd1+ 34.Kb2 Qd4+ 35.Ka2 Qc3
36.Qf5 Qxh3 37.Qe4+  1-0

[Event "Guernsey Open"]
[Site "Guernsey GCI"]
[Date "2008.10.24"]
[Round "6"]
[White "Murray,Jo"]
[Black "Glover,J"]
[Result "1-0"]
[WhiteElo "2209"]
[BlackElo "1888"]

1.e4 d5 2.exd5 Qxd5 3.Nc3 Qd6 4.d4 Nf6 5.Nf3 a6 6.Be2 e6 7.O-O Be7 8.Bg5 Nbd7
9.Qd3 h6 10.Bh4 O-O 11.Bg3 Qb6 12.b3 Bd6 13.Ne5 Qa7 14.Bf3 Qb8 15.Rfe1 Re8
16.Re2 Nf8 17.Rd1 Bd7 18.Ne4 Nd5 19.c4 Nb4 20.Qd2 Nc6 21.Bh5 Bxe5 22.dxe5 Ne7
23.Nf6+ gxf6 24.Qxh6 Bc6 25.exf6 Nf5 26.Qg5+ Kh8 27.Bxf7 Nh7 28.Qh5 Rg8 29.Bxg8 Qxg8
30.f7 Qg5 31.Be5+ Ng7 32.Qxg5 Nxg5 33.h4 Nxf7 34.Bxg7+ Kxg7 35.Rxe6 Rg8 36.g3 Kf8
37.Rd4 Nd6 38.Rf4+ Nf7 39.h5 Rg5 40.Ref6 Be8 41.h6 Ke7 42.R6f5 Rxf5 43.Rxf5 Nxh6
44.Rf4 Bc6 45.Kh2 Nf7 46.Kh3 Ne5 47.Kh2 Nd3 48.Rf5 Ke6 49.g4 b6 50.Kg3 Nc1
51.Rh5 Nxa2 52.Rh6+ Kd7 53.g5 Be4 54.g6 Ke6 55.Kf4 Bc2 56.Rh7 c6 57.Rc7 Nb4
58.g7 Bh7 59.Kg5 b5 60.f4 Kd6 61.Rc8 bxc4 62.bxc4 c5 63.Kh6  1-0

[Event "WYCC Girls U16"]
[Site "Vung Tau City VIE"]
[Date "2008.10.26"]
[Round "7"]
[White "Eric,J"]
[Black "Le Hoang Tran Chau"]
[Result "0-1"]
[WhiteElo "2146"]
[BlackElo "2041"]

1.e4 d5 2.exd5 Qxd5 3.Nc3 Qd6 4.d4 Nf6 5.Nf3 c6 6.g3 Bg4 7.Bg2 e6 8.O-O Be7
9.Bf4 Qd8 10.h3 Bxf3 11.Qxf3 O-O 12.Rad1 Nbd7 13.Ne2 Nd5 14.c4 Nxf4 15.Nxf4 Qb6
16.d5 cxd5 17.cxd5 e5 18.Nd3 Bd6 19.g4 Rac8 20.Qf5 Rc7 21.Rc1 g6 22.Qg5 Rfc8
23.Rxc7 Qxc7 24.Rc1 Qd8 25.Qxd8+ Rxd8 26.b4 Kf8 27.Nc5 Nxc5 28.bxc5 Rc8 29.c6 bxc6
30.dxc6 Rb8 31.Bf1 Ke7 32.Ba6 Kd8 33.Bb7 Kc7 34.Kg2 f5 35.Kf3 Re8 36.Ke2 f4
37.h4 e4 38.Ba6 Re5 39.Rc2 Bc5 40.Rb2 Kxc6 41.Bb7+ Kd6 42.Rd2+ Kc7 43.Rd5 Re7
44.Ba6 Kc6 45.Rd8 Bb6 46.Rd1 Re5 47.Rc1+ Kd7 48.Bb7 f3+ 49.Kf1 e3 50.Bxf3 exf2
51.Be2 Re4 52.h5 Kd6 53.hxg6 hxg6 54.Rd1+ Ke5 55.Rd7 Kf4 56.Rf7+ Kg5 57.Rd7 Rb4
58.Rd2 Kf4 59.Bd1 Be3 60.Rd6 Rb1 61.Kg2 g5 62.Rd8 Bb6 63.Rd3 Ke4 64.Rd7 Ke3
65.a4 Bd4 66.Re7+ Kd2 67.Rd7 Kd3 68.a5 Rxd1  0-1

[Event "ch-Nassau"]
[Site "Mineola USA"]
[Date "2008.10.27"]
[Round "2"]
[White "Mirabile,T"]
[Black "Guevara,R"]
[Result "1-0"]
[WhiteElo "2180"]
[BlackElo "2080"]

1.e4 d5 2.exd5 Qxd5 3.Nc3 Qd6 4.d4 Nf6 5.Nf3 a6 6.g3 b5 7.Bg2 Bb7 8.Bf4 Qb6
9.O-O e6 10.a4 Bd6 11.a5 Qa7 12.Be3 Nd5 13.Ng5 O-O 14.Be4 h6 15.Nxd5 exd5
16.Bh7+ Kh8 17.Bd3 Bc8 18.Qh5 c6 19.f4 f5 20.Nf3 Qf7 21.Qh3 Ra7 22.Ne5 Qf6
23.Qh5 Kg8 24.c3 Be6 25.b4 Bf7 26.Qf3 Re7 27.Rae1 Bc7 28.Bf2 Rfe8 29.Re3 g6
30.Rfe1 Kg7 31.Qe2 Nd7 32.Nxd7 Rxe3 33.Bxe3 Qe7 34.Ne5 Bxe5 35.dxe5 h5 36.Bf2 Be6
37.Qe3 Rb8 38.Qa7 Qxa7 39.Bxa7 Rb7 40.Bd4 Rd7 41.h3 Rf7 42.Kf2 Kf8 43.Ke3 Rh7
44.Be2 Ke7 45.Bf3 Kf7 46.Rh1 Rg7 47.g4 fxg4 48.hxg4 hxg4 49.Bxg4 Ke7 50.Kf3 Rf7  1-0

[Event "WYCC Girls U16"]
[Site "Vung Tau City VIE"]
[Date "2008.10.28"]
[Round "9"]
[White "Kulon,K"]
[Black "Le Hoang Tran Chau"]
[Result "1-0"]
[WhiteElo "2228"]
[BlackElo "2041"]

1.e4 d5 2.exd5 Qxd5 3.Nc3 Qd6 4.d4 Nf6 5.Nf3 c6 6.g3 Bg4 7.Bg2 e6 8.O-O Be7
9.Ne2 O-O 10.c4 Nbd7 11.Bf4 Qb4 12.b3 Qb6 13.h3 Bxf3 14.Bxf3 c5 15.Nc3 cxd4
16.Na4 Qa6 17.Qxd4 Rac8 18.Qc3 b5 19.Nb2 Ba3 20.Rad1 Bxb2 21.Qxb2 bxc4 22.Be2 Qb7
23.Rc1 cxb3 24.axb3 Nd5 25.Bf3 N7b6 26.Be5 f6 27.Bd4 Rxc1 28.Rxc1 Rc8 29.Re1 Qf7
30.Bg4 Rc6 31.Qe2 e5 32.Qb5 Ne7 33.Bc5 Qd5 34.Rd1 Qxc5 35.Qxc5  1-0

[Event "WYCC Boys U16"]
[Site "Vung Tau City VIE"]
[Date "2008.10.29"]
[Round "10"]
[White "Yilmaz,M"]
[Black "Wageih,K"]
[Result "1-0"]
[WhiteElo "2387"]
[BlackElo "2197"]

1.e4 d5 2.exd5 Qxd5 3.Nc3 Qd6 4.d4 Nf6 5.Nf3 a6 6.g3 Bg4 7.Bg2 Nc6 8.O-O O-O-O
9.Be3 e5 10.dxe5 Nxe5 11.Nxe5 Bxd1 12.Nxf7 Qe7 13.Nxd8 Qxd8 14.Raxd1 Bd6
15.Nd5 Nxd5 16.Rxd5 Qf6 17.c4 Be7 18.Ra5 Rd8 19.h4 h6 20.c5 c6 21.Bf4 Qe6
22.h5 Rd4 23.Be3 Rd3 24.Kh2 Kb8 25.Re1 Qf7 26.Bf4+ Ka7 27.Kg1 Bg5 28.Bd6 Bd2
29.Re7 Qxe7 30.Rxa6+ Kxa6 31.Bxe7 Bc1 32.Bf1  1-0

[Event "WYCC Boys U14"]
[Site "Vung Tau City VIE"]
[Date "2008.10.30"]
[Round "11"]
[White "Chen Peng"]
[Black "Kantans,T"]
[Result "1-0"]
[WhiteElo "2046"]
[BlackElo "2146"]

1.e4 d5 2.exd5 Qxd5 3.Nc3 Qd6 4.d4 Nf6 5.Nf3 a6 6.Be2 Bf5 7.Ne5 e6 8.g4 Bg6
9.h4 Nd5 10.Bf3 f6 11.Nxg6 hxg6 12.Qd3 Kf7 13.Be4 Ne7 14.Bxb7 Ra7 15.Bg2 Nbc6
16.Be3 Nb4 17.Qd2 Nbd5 18.O-O-O Rb7 19.Ne4 Qb6 20.c4 Nxe3 21.fxe3 Rb8 22.c5 Qb5
23.Nc3 Qb4 24.h5 gxh5 25.gxh5 Rh6 26.a3 Qb3 27.e4 Nc6 28.Qc2 Qxc2+ 29.Kxc2 e5
30.dxe5 Nxe5 31.b4 a5 32.Nd5 g6 33.hxg6+ Rxg6 34.Bh3 Rg3 35.Bf5 Nc4 36.Rh7+ Bg7
37.Rd3 Nxa3+ 38.Kd2 Rxd3+ 39.Kxd3 axb4 40.Be6+ Kf8 41.Nf4 Rd8+ 42.Ke2 Nb5
43.Ng6+ Ke8 44.Rxg7  1-0

[Event "WYCC Boys U16"]
[Site "Vung Tau City VIE"]
[Date "2008.10.30"]
[Round "11"]
[White "Tan Weiliang"]
[Black "Khamroev,R"]
[Result "0-1"]
[WhiteElo "2040"]
[BlackElo "2181"]

1.e4 d5 2.exd5 Qxd5 3.Nc3 Qd6 4.d4 Nf6 5.Nf3 c6 6.g3 Bg4 7.Bg2 e6 8.h3 Bxf3
9.Bxf3 Be7 10.O-O O-O 11.Bf4 Qd8 12.Qd2 Nbd7 13.g4 Nb6 14.Rfe1 Nc4 15.Qe2 Qxd4
16.Bg3 Nb6 17.Rad1 Qc5 18.Be5 Nbd5 19.Nxd5 cxd5 20.Bd4 Qc7 21.g5 Nd7 22.Bxd5 Bxg5
23.Bb3 Bf6 24.Qg4 Bxd4 25.Rxd4 Nf6 26.Qg2 Rad8 27.Rc4 Qa5 28.c3 Qf5 29.Rc7 Nd5
30.Bxd5 Rxd5 31.Rxb7 Qf6 32.Re3 h5 33.Rb4 Rfd8 34.h4 Rf5 35.Rbe4 Rd1+ 36.Re1 Rxe1+
37.Rxe1 Qxh4 38.Re3 Qf4 39.Rg3 g6 40.Qa8+ Kg7 41.Qxa7 h4 42.Rg2 Rd5  0-1

[Event "IX Rapid Open"]
[Site "El Sauzal ESP"]
[Date "2008.11.01"]
[Round "4"]
[White "De la Cruz Sanchez,G"]
[Black "Epishin,V"]
[Result "0-1"]
[WhiteElo "2277"]
[BlackElo "2581"]

1.e4 d5 2.exd5 Qxd5 3.Nc3 Qd6 4.d4 Nf6 5.Nf3 g6 6.Bd3 Bg7 7.O-O O-O 8.Ne4 Nxe4
9.Bxe4 Nd7 10.Qe2 c5 11.Rd1 cxd4 12.Nxd4 Bxd4 13.c3 Bxf2+ 14.Kxf2 Qxh2 15.Bg5 Qe5
16.Rd5 Qe6 17.Bf3 Qxe2+ 18.Kxe2 Nf6 19.Rb5 Kg7  0-1

[Event "IX Rapid Open"]
[Site "El Sauzal ESP"]
[Date "2008.11.01"]
[Round "4"]
[White "Fernandez Romero,Ern"]
[Black "Tiviakov,S"]
[Result "0-1"]
[WhiteElo "2447"]
[BlackElo "2686"]

1.e4 d5 2.exd5 Qxd5 3.Nc3 Qd6 4.d4 Nf6 5.Nf3 c6 6.g3 Bg4 7.Bg2 e6 8.O-O Be7
9.Bf4 Qd8 10.h3 Bxf3 11.Bxf3 O-O 12.Be5 Nbd7 13.Qe2 Qb6 14.b3 Nxe5 15.dxe5 Nd7
16.Bg2 Qa5 17.Ne4 Nxe5 18.f4 Nd7 19.Kh2 Rfe8 20.Rad1 Rad8 21.a4 Qc7 22.Rd3 f5
23.Nd2 Bf6 24.Nc4 Nf8 25.Rxd8 Rxd8 26.a5 g6 27.Rd1 a6 28.Rd3 Kf7 29.h4 Rd7
30.Qd2 Rxd3 31.Qxd3 Be7 32.Qd4 Ke8 33.Qg7 Bd8 34.Qg8 Qe7 35.Ne5 Bc7 36.Nc4 Qf6
37.Kh3 e5 38.fxe5 Bxe5 39.b4 Bc7 40.Ne3 Qd6 41.Nf1 Qxb4 42.Qg7 Qg4+ 43.Kh2 Qxh4+
44.Kg1 Qe7 45.Qc3 h5 46.Ne3 Bxa5 47.Qxa5 Qxe3+ 48.Kh2 Qe7 49.Bf1 Nd7 50.Bc4 Nf6
51.Kh3 Kf8  0-1

[Event "IX Rapid Open"]
[Site "El Sauzal ESP"]
[Date "2008.11.02"]
[Round "7"]
[White "Fernandez Romero,Ern"]
[Black "Epishin,V"]
[Result "1/2-1/2"]
[WhiteElo "2447"]
[BlackElo "2581"]

1.e4 d5 2.exd5 Qxd5 3.Nc3 Qd6 4.d4 Nf6 5.Nf3 g6 6.Be3 a6 7.Qd2 b5 8.O-O-O Nbd7
9.d5 Bb7 10.Bxb5 Bg7 11.Rhe1 O-O 12.Ba4 Nc5 13.Bxc5 Qxc5 14.Qe3 Qxe3+ 15.fxe3 Ng4
16.Re2 Bh6 17.Rd3 Rfd8 18.Kb1 Bg7 19.e4 Ne5 20.Nxe5 Bxe5 21.g3 Rac8  1/2-1/2

[Event "IX Rapid Open"]
[Site "El Sauzal ESP"]
[Date "2008.11.02"]
[Round "9"]
[White "Hernandez Leon,S"]
[Black "Garcia Jimenez,F"]
[Result "0-1"]
[WhiteElo "2078"]
[BlackElo "2217"]

1.e4 d5 2.exd5 Qxd5 3.Nc3 Qd6 4.d4 Nf6 5.Nf3 a6 6.a4 Nc6 7.h3 Bf5 8.Bc4 e6
9.Be3 O-O-O 10.Qe2 Qb4 11.Bb3 Na5 12.Ne5 Bg6 13.O-O Nxb3 14.cxb3 Qxb3 15.Rfc1 Bd6
16.Nc4 Nd5 17.Nxd5 exd5 18.Rc3 Qb4 19.Nxd6+ Rxd6 20.Bf4 Rd7 21.Qe5 Qe7 22.Qxg7 Re8
23.Rac1 c6 24.Rb3 f6 25.Rxc6+ Kd8 26.Qxe7+ Kxe7 27.Rcb6 Bc2 28.Re3+ Kf7 29.Rxe8 Kxe8
30.Rxf6 Bxa4 31.Be5 Bc2 32.f4 a5 33.g4 a4  0-1

[Event "21st Belgrade Trophy"]
[Site "Obrenovac SRB"]
[Date "2008.11.02"]
[Round "6"]
[White "Khukhashvili,S"]
[Black "Knezevic,Ml"]
[Result "1-0"]
[WhiteElo "2409"]
[BlackElo "2167"]

1.e4 d5 2.exd5 Qxd5 3.Nc3 Qd6 4.d4 Nf6 5.Nf3 a6 6.g3 Bg4 7.Bg2 Nc6 8.Be3 e6
9.h3 Bxf3 10.Qxf3 Be7 11.O-O-O O-O 12.a3 Na5 13.Qe2 Nd5 14.Bd2 Nc6 15.Nxd5 exd5
16.Bf4 Qd7 17.h4 Bd6 18.Bg5 h6 19.Be3 Na5 20.Qf3 Nc4 21.Rd3 Nb6 22.g4 f5
23.g5 f4 24.Bd2 Kh8 25.Re1 Rae8 26.Rxe8 Qxe8 27.gxh6 gxh6 28.Bc3 Qg6 29.Rd1 Rg8
30.Bh3 Re8 31.Ba5 Nc4 32.Qxd5 Nxa5 33.Qxa5 Re2 34.Bf5 Qg2 35.Bd3 Re7 36.Qf5 Qg7
37.Qc8+ Qg8 38.Qxb7 f3 39.Kb1 Qg2 40.Qc8+ Kg7 41.Bc4 Kg6 42.Qg8+ Rg7 43.Qe8+ Kf5
44.Qe6+ Kf4  1-0

[Event "IM"]
[Site "Petah Tiqwa ISR"]
[Date "2008.11.02"]
[Round "8"]
[White "Shutzman,J"]
[Black "Kudischewitsch,D"]
[Result "1/2-1/2"]
[WhiteElo "2333"]
[BlackElo "2343"]

1.e4 d5 2.exd5 Qxd5 3.Nc3 Qd6 4.d4 Nf6 5.Nf3 c6 6.h3 g6 7.Bc4 Bg7 8.O-O O-O
9.Re1 Nbd7 10.Bb3 Nb6 11.Qe2 a5 12.a4 Re8 13.Ne5 Nbd5 14.Qf3 Be6 15.Bd2 Nb4
16.Bxe6 fxe6 17.Ne4 Nxe4 18.Bxb4 Ng5 19.Bxd6 Nxf3+ 20.Nxf3 exd6 21.Re4 d5
22.Re3 c5 23.Rae1 Bxd4 24.Nxd4 cxd4 25.Rxe6 Rxe6 26.Rxe6 Rc8 27.Re2  1/2-1/2

[Event "SenWM"]
[Site "Bad Zwischenahn GER"]
[Date "2008.11.03"]
[Round "7"]
[White "Haupt,J"]
[Black "Koskinen,V"]
[Result "0-1"]
[WhiteElo "1892"]
[BlackElo "1988"]

1.e4 d5 2.exd5 Qxd5 3.Nc3 Qd6 4.d4 Nf6 5.Nf3 a6 6.a4 Nc6 7.Be2 Bf5 8.O-O Nb4
9.Ne1 O-O-O 10.Be3 e5 11.dxe5 Qxe5 12.Qc1 Bd6 13.Nf3 Qe7 14.Nd4 Bg6 15.Bd1 Rhe8
16.Nf3 h6 17.Re1 Qd7 18.Na2 Nbd5 19.Nc3 Nxe3 20.Rxe3  0-1

[Event "21st Belgrade Trophy"]
[Site "Obrenovac SRB"]
[Date "2008.11.03"]
[Round "7"]
[White "Branovacki,G"]
[Black "Grujicic,Z"]
[Result "1/2-1/2"]
[WhiteElo "1930"]
[BlackElo "2066"]

1.e4 d5 2.exd5 Qxd5 3.Nc3 Qd8 4.Nf3 Nf6 5.d4 c6 6.Bg5 e6 7.Bd3 Be7 8.Ne4 Nbd7
9.O-O Nxe4 10.Bxe7 Qxe7 11.Bxe4 Nf6 12.Bd3 O-O 13.c3 b6 14.Ne5 Bb7 15.Re1 c5
16.dxc5 Qxc5 17.Qc2 Qd5 18.Bf1 Rad8 19.Nf3 Qh5 20.Be2 Qg4 21.h3 Qf4 22.Rad1 Bxf3
23.Bxf3 Rxd1 24.Qxd1 Qc7 25.Qc2 Rd8 26.Rd1 h6 27.Rd3 Rxd3 28.Qxd3 Kf8 29.c4 a5
30.a3 Ke7 31.b4 Nd7 32.Be2 axb4 33.axb4 Qd6 34.Qc3 Qe5 35.Qd2 Qd6 36.Qb2 Qe5  1/2-1/2

[Event "SenWM"]
[Site "Bad Zwischenahn GER"]
[Date "2008.11.06"]
[Round "10"]
[White "Bakhmatov,E"]
[Black "Haubt,G"]
[Result "1/2-1/2"]
[WhiteElo "2370"]
[BlackElo "2240"]

1.e4 d5 2.exd5 Qxd5 3.Nc3 Qd6 4.d4 Nf6 5.Nf3 Bg4 6.h3 Bh5 7.Be2 e6 8.Nb5 Qb6
9.a4 c6 10.Na3 Qc7 11.Nc4 Nbd7 12.O-O Rd8 13.Bg5 Be7 14.Qc1 Nd5 15.Bd2 O-O
16.Re1 c5 17.dxc5 Qxc5 18.Ne3 Rc8 19.Nxd5 Qxd5 20.Bc3 Nf6 21.Qf4 Qc5 22.Bd4 Qxc2
23.Bd1 Qc7  1/2-1/2

[Event "Russia Cup Final"]
[Site "Serpuhov RUS"]
[Date "2008.11.10"]
[Round "3.3"]
[White "Vitiugov,N"]
[Black "Lysyj,I"]
[Result "1-0"]
[WhiteElo "2638"]
[BlackElo "2598"]

1.e4 d5 2.exd5 Qxd5 3.Nc3 Qd6 4.d4 Nf6 5.Nf3 c6 6.Ne5 Nbd7 7.f4 Nb6 8.g4 g6
9.g5 Nfd7 10.Ne4 Qc7 11.Bg2 Bg7 12.O-O O-O 13.Be3 f6 14.Nd3 Nd5 15.Qe2 Nxe3
16.Qxe3 Nb6 17.c3 Nd7 18.Rae1 b6 19.f5 Ba6 20.Bh3 Bc4 21.fxg6 hxg6 22.Nf4 c5
23.Nxg6 Rfe8 24.d5 Bxd5 25.Rd1 Qc6 26.Rxd5 Qxd5 27.Nf4  1-0

[Event "38th Olympiad w"]
[Site "Dresden GER"]
[Date "2008.11.13"]
[Round "1"]
[White "Hallaeva,B"]
[Black "Safar,A"]
[Result "0-1"]
[WhiteElo "2119"]
[BlackElo "1559"]

1.e4 d5 2.exd5 Qxd5 3.Nc3 Qd6 4.d4 Nf6 5.Nf3 a6 6.h3 Nc6 7.Bc4 b5 8.Bd3 Bb7
9.O-O e6 10.Be3 Be7 11.Qd2 Rd8 12.Rad1 Nd5 13.Ne2 Nxe3 14.fxe3 Nb4 15.c3 Nxd3
16.Qxd3 O-O 17.Qd2 c5 18.Nc1 cxd4 19.exd4 Bd5 20.b3 Rc8 21.Ne2 Qc7 22.Qb2 Rfd8
23.Rd3 f6 24.Qd2 Bd6 25.Kh1 h6 26.Rd1 f5 27.Qe3 Be4 28.R3d2 g5 29.Rf1 Qc6
30.Rdd1 f4 31.Qf2 Rd7 32.Qe1 Rg7 33.Neg1 h5 34.Rf2 g4 35.Nd2 Bf5 36.hxg4 hxg4
37.Ne2 f3 38.gxf3 gxf3 39.Nxf3 Bg4 40.d5 exd5 41.Nfd4 Qe8 42.Rg2 Qh5+ 43.Kg1 Rh7
44.Rd3 Rf8 45.Rf3 Rxf3 46.Nxf3 Kh8 47.Ng3 Qh3 48.Qe8+ Kg7 49.Ng5 Bc5+ 50.Kf1 Qh1+  0-1

[Event "38th Olympiad"]
[Site "Dresden GER"]
[Date "2008.11.14"]
[Round "2"]
[White "Pornariyasombat,A"]
[Black "Escobar Forero,A"]
[Result "0-1"]
[WhiteElo "2173"]
[BlackElo "2482"]

1.e4 d5 2.exd5 Qxd5 3.Nc3 Qd6 4.d4 a6 5.Nf3 Nf6 6.Bg5 Bg4 7.Be2 Nbd7 8.Qd2 e6
9.O-O Be7 10.Rfe1 O-O 11.Ne5 Bxe2 12.Rxe2 Rad8 13.Bf4 Nh5 14.Ne4 Qb6 15.Nc4 Qc6
16.Na5 Qb6 17.Nc4 Qb5 18.b3 Rc8 19.Bg3 Rfd8 20.Qe3 Qf5 21.Rae1 Nf8 22.Be5 f6
23.Ng3 Qg4 24.h3 Qg6 25.Bf4 b5 26.Na5 c5 27.c3 cxd4 28.cxd4 Bb4 29.Nb7 Bxe1
30.Rxe1 Rd5 31.Bd6 Re8 32.Bxf8 Kxf8 33.Nc5 Nxg3 34.fxg3 e5 35.Qf3 Rxd4 36.Qc6 Qxg3
37.Rf1 Rd2 38.Nd7+ Kf7 39.Nc5 e4  0-1

[Event "38th Olympiad"]
[Site "Dresden GER"]
[Date "2008.11.14"]
[Round "2"]
[White "Salov,S"]
[Black "Karttunen,M"]
[Result "0-1"]
[WhiteElo "2269"]
[BlackElo "2411"]

1.e4 d5 2.exd5 Qxd5 3.Nc3 Qd6 4.d4 a6 5.Nf3 Nf6 6.g3 Bg4 7.Bg2 Nc6 8.O-O O-O-O
9.Be3 e5 10.dxe5 Nxe5 11.Qxd6 Bxd6 12.Ng5 h6 13.Nge4 Nxe4 14.Nxe4 Be7 15.f3 Bf5
16.b3 Bxe4 17.fxe4 Bg5 18.Bf4 Bxf4 19.gxf4 Ng6 20.f5 Ne5 21.Rad1 c6 22.h3 Rhe8
23.Kf2 Kc7 24.Bf3 a5 25.Rxd8 Rxd8 26.Ke3 Re8 27.Be2 Kb6 28.c3 Kc5 29.a3 Kd6
30.Rd1+ Kc7 31.Rg1 g6 32.fxg6 fxg6 33.Rf1 Kd6 34.a4 Nd7 35.b4 Ra8 36.Bd1 axb4
37.cxb4 Re8 38.Bb3 Re7 39.Rd1+ Ke5 40.Rg1 Rg7 41.Rc1 g5 42.Bd1 Re7 43.a5 Nf6
44.Bf3 Kd6 45.Kd4 Nd7 46.Bh5 Re5 47.Bg6 Rb5 48.Bf5 Ne5 49.Rb1 Nf3+ 50.Ke3 Nh4
51.Bc8 Ke5 52.a6 bxa6 53.Bxa6 Rb6 54.Bf1 Ng6 55.b5 Nf4 56.Rb4 cxb5 57.Kf3 Ne6
58.Ke3 Nc7 59.Be2 Ra6 60.Rb3 Ra4 61.Bd3 b4 62.Rb1 Ne6 63.h4 gxh4 64.Rf1 Ng5
65.Rf5+ Ke6 66.Bc4+ Ke7 67.Rf4 b3 68.Bd3 h3 69.Rh4 b2 70.Rxh6 Ra3 71.Rb6 h2  0-1

[Event "38th Olympiad w"]
[Site "Dresden GER"]
[Date "2008.11.14"]
[Round "2"]
[White "Zepeda,L"]
[Black "Safar,A"]
[Result "1-0"]
[WhiteElo "2159"]
[BlackElo "1559"]

1.e4 d5 2.exd5 Qxd5 3.Nc3 Qd6 4.Nf3 Nf6 5.d4 a6 6.Bd3 Nc6 7.h3 e6 8.O-O Be7
9.Ne4 Nxe4 10.Bxe4 Bd7 11.c4 Qb4 12.c5 Bxc5 13.Bxc6 Bxc6 14.dxc5 Qxc5 15.Be3 Qb4
16.Nd4 Bd5 17.Qc2 c6 18.a3 Qd6 19.Ne2 O-O 20.Bc5  1-0

[Event "38th Olympiad"]
[Site "Dresden GER"]
[Date "2008.11.15"]
[Round "3"]
[White "Christopher,A"]
[Black "Xie,G"]
[Result "0-1"]
[WhiteElo "1679"]
[BlackElo "2403"]

1.e4 d5 2.exd5 Qxd5 3.Nc3 Qd6 4.d4 Nf6 5.Bc4 a6 6.Nge2 Qc6 7.Qd3 Qxg2 8.Ng3 Nc6
9.Be3 Bg4 10.Qd2 Nb4 11.a3 Qc6 12.Bxf7+ Kxf7 13.axb4 Rd8 14.Nce2 e5 15.c3 Bd6
16.h3 Bxe2 17.Kxe2 exd4 18.Bxd4 Rhe8+ 19.Kd3 Bxg3 20.fxg3 Rxd4+ 21.cxd4 Qb5+
22.Kc2 Re2 23.Qxe2 Qxe2+ 24.Kb3 Qd3+ 25.Ka2  0-1

[Event "38th Olympiad"]
[Site "Dresden GER"]
[Date "2008.11.17"]
[Round "5"]
[White "Zelcic,R"]
[Black "Cicak,S"]
[Result "1/2-1/2"]
[WhiteElo "2589"]
[BlackElo "2564"]

1.e4 d5 2.exd5 Qxd5 3.Nc3 Qd6 4.d4 c6 5.Nf3 Bg4 6.Be3 Nd7 7.h3 Bh5 8.Be2 Ngf6
9.Qd2 e6 10.Bf4 Qb4 11.a3 Qa5 12.O-O Be7 13.b4 Qd8 14.Na4 O-O 15.Rfd1 Nd5
16.Bg3 b5 17.Nc5 N7b6 18.Re1 Bxf3 19.Bxf3 Nc4 20.Qd3 a5 21.c3 Ra7 22.Be4 h6
23.bxa5 Nxa5 24.Ra2 Nc4 25.a4 Bxc5 26.dxc5 Qf6 27.axb5 Rxa2 28.Qxc4 Ra5 29.Be5 Qg5
30.b6 Qd2 31.Rf1 Nxb6 32.cxb6 Rxe5 33.Qxc6 Qe2 34.Bf3 Qb5 35.Qxb5 Rxb5 36.b7 Rb8
37.Rd1 Kf8 38.g4 Ke7 39.Bc6 R5xb7 40.Bxb7 Rxb7 41.Kg2 Rb2 42.Rd4 f5 43.Kf3 Rc2
44.Rc4 Kd6 45.Kg2 g5  1/2-1/2